〈ポケモン〉ドラゴンタイプを当てる -サドンデス- - Statistics

General Stats
  • This quiz has been taken 2,598 times
  • The average score is 16 of 24
Answers on the Grid
Answers color-coded by a green-red scale on the quiz's grid according to % correct below.
ガブリアス
カイリュー
ピカチュウ
ミュウ
サザンドラ
キャタピー
チルタリス
ギラティナ
ドラパルト
イーブイ
ボーマンダ
ソーナンス
ヌメルゴン
ミミッキュ
オノノクス
ゲノセクト
ガルーラ
カジッチュ
レジギガス
レジドラゴ
リザードン
メガリザードンX
メガリザードンY
ヒードラン
シャリタツ
ホゲータ
コライドン
ミライドン
ルカリオ
ガオガエン
キングドラ
ペンドラー
コイキング
ギャラドス
フライゴン
レックウザ
クリムガン
キュレム
バンギラス
ジャラランガ
ムゲンダイナ
デオキシス
ニドキング
ジュラルドン
ボスゴドラ
ドラピオン
アクジキング
ルギア
 
Answer Stats
Answer % Correct
ドラゴン・ひこう カイリュー
95%
ドラゴン・じめん ガブリアス
94%
あく・ドラゴン サザンドラ
88%
ドラゴン ヌメルゴン
84%
ドラゴン・ひこう ボーマンダ
83%
ドラゴン・ゴースト ドラパルト
80%
ドラゴン オノノクス
79%
ゴースト・ドラゴン ギラティナ
73%
ドラゴン・ひこう チルタリス
72%
ドラゴン レジドラゴ
71%
ドラゴン・ひこう レックウザ
62%
かくとう・ドラゴン コライドン
61%
でんき・ドラゴン ミライドン
61%
ほのお・ドラゴン メガリザードンX
61%
じめん・ドラゴン フライゴン
60%
みず・ドラゴン キングドラ
58%
ドラゴン クリムガン
57%
ドラゴン・かくとう ジャラランガ
55%
ドラゴン・みず シャリタツ
54%
ドラゴン・こおり キュレム
54%
くさ・ドラゴン カジッチュ
52%
どく・ドラゴン ムゲンダイナ
52%
はがね・ドラゴン ジュラルドン
50%
あく・ドラゴン アクジキング
42%
No matching quizzes found
Score Distribution
Percent of People with Each Score
Percentile by Number Answered
Your Score History
You have not taken this quiz